Statistics for 2021年美加百万人口城市

Click here to take the quiz!

General Stats

  • This quiz has been taken 308 times
  • The average score is 29 of 59

Answers on the Map

Answers color-coded by a green-red scale on the quiz's map according to % correct below.
 

Answer Stats

人口(万)城市% Correct
2,180.0纽约
99%
775.0旧金山 / 圣何塞
98%
1,760.0洛杉矶
96%
855.0华盛顿 / 巴尔的摩
93%
965.0芝加哥
92%
447.5西雅图
92%
765.0多伦多
90%
635.0迈阿密
87%
129.0渥太华
86%
290.0温哥华
85%
680.0休斯敦
85%
575.0底特律
83%
735.0费城
83%
770.0波士顿 / 普罗维登斯
82%
590.0亚特兰大
74%
730.0达拉斯 / 沃思堡
70%
432.5蒙特利尔
70%
480.0菲尼克斯
68%
230.0拉斯维加斯
68%
380.0丹佛
66%
332.5圣迭戈
66%
101.0新奥尔良
64%
252.5盐湖城
62%
245.0波特兰
52%
210.0萨克拉门托
49%
350.0奥兰多
48%
320.0明尼阿波利斯 / 圣保罗
47%
305.0克利夫兰
46%
225.0圣安东尼奥
43%
202.5印第安纳波利斯
41%
202.5匹兹堡
41%
116.0俄克拉荷马城
40%
250.0夏洛特
40%
200.0堪萨斯城
39%
155.0密尔沃基
39%
152.0卡尔加里
35%
137.0埃德蒙顿
33%
150.0纳什维尔
33%
108.0里士满
32%
116.0孟菲斯
32%
135.0布法罗
31%
280.0辛辛那堤
31%
235.0圣路易斯
30%
177.0哥伦布
30%
447.5坦帕 / 圣彼德斯堡
29%
147.0杰克逊维尔
28%
200.0奥斯丁
26%
102.0埃尔帕索
20%
100.0图森
19%
162.0弗吉尼亚比奇 / 诺福克
17%
169.0罗利
14%
134.0哈里斯堡
8%
169.0哈特福德
8%
133.0麦卡伦 / 布朗斯维尔
7%
106.0路易维尔
7%
129.0斯托克顿
4%
122.0棕榈湾 / 墨尔本
3%
113.0开普科勒尔
3%
113.0格林斯伯勒
3%

Score Distribution

Percentile by Number Answered

Percent of People with Each Score

Your Score History

You have not taken this quiz